<?xml version="1.0" encoding="UTF-8"?>
<collection xmlns="http://www.loc.gov/MARC21/slim">
 <record>
  <leader>01148nam a22002177a 4500</leader>
  <controlfield tag="001">NCT_28299</controlfield>
  <controlfield tag="008">180410b        xxu||||| |||| 00| 0 vie d</controlfield>
  <datafield tag="999" ind1=" " ind2=" ">
   <subfield code="c">1358</subfield>
   <subfield code="d">1358</subfield>
  </datafield>
  <datafield tag="020" ind1=" " ind2=" ">
   <subfield code="a">9786046614708</subfield>
   <subfield code="c">258000</subfield>
  </datafield>
  <datafield tag="082" ind1="0" ind2="4">
   <subfield code="2">23rd ed.</subfield>
   <subfield code="a">615.1</subfield>
   <subfield code="b">D557</subfield>
  </datafield>
  <datafield tag="245" ind1="1" ind2="0">
   <subfield code="a">Dược điển Việt Nam</subfield>
   <subfield code="b">Bản bổ sung</subfield>
   <subfield code="c">Bộ Y Tế</subfield>
  </datafield>
  <datafield tag="250" ind1=" " ind2=" ">
   <subfield code="a">Lần xuất bản thứ 4</subfield>
  </datafield>
  <datafield tag="260" ind1=" " ind2=" ">
   <subfield code="a">H.</subfield>
   <subfield code="b">Y học</subfield>
   <subfield code="c">2015</subfield>
  </datafield>
  <datafield tag="300" ind1=" " ind2=" ">
   <subfield code="a">Ca.150tr</subfield>
   <subfield code="c">30cm</subfield>
  </datafield>
  <datafield tag="653" ind1=" " ind2=" ">
   <subfield code="a">Dược học</subfield>
  </datafield>
  <datafield tag="942" ind1=" " ind2=" ">
   <subfield code="2">ddc</subfield>
   <subfield code="c">BK</subfield>
  </datafield>
  <datafield tag="952" ind1=" " ind2=" ">
   <subfield code="0">0</subfield>
   <subfield code="1">0</subfield>
   <subfield code="2">ddc</subfield>
   <subfield code="4">0</subfield>
   <subfield code="6">615_100000000000000_D557</subfield>
   <subfield code="7">0</subfield>
   <subfield code="9">6738</subfield>
   <subfield code="a">000001</subfield>
   <subfield code="b">000001</subfield>
   <subfield code="d">2018-04-10</subfield>
   <subfield code="o">615.1 D557</subfield>
   <subfield code="p">MD.11806</subfield>
   <subfield code="r">2018-04-10</subfield>
   <subfield code="v">258000.00</subfield>
   <subfield code="w">2018-04-10</subfield>
   <subfield code="y">BK</subfield>
  </datafield>
  <datafield tag="952" ind1=" " ind2=" ">
   <subfield code="0">0</subfield>
   <subfield code="1">0</subfield>
   <subfield code="2">ddc</subfield>
   <subfield code="4">0</subfield>
   <subfield code="6">615_100000000000000_D557</subfield>
   <subfield code="7">0</subfield>
   <subfield code="9">6739</subfield>
   <subfield code="a">000001</subfield>
   <subfield code="b">000001</subfield>
   <subfield code="d">2018-04-10</subfield>
   <subfield code="o">615.1 D557</subfield>
   <subfield code="p">MD.11807</subfield>
   <subfield code="r">2018-04-10</subfield>
   <subfield code="v">258000.00</subfield>
   <subfield code="w">2018-04-10</subfield>
   <subfield code="y">BK</subfield>
  </datafield>
  <datafield tag="952" ind1=" " ind2=" ">
   <subfield code="0">0</subfield>
   <subfield code="1">0</subfield>
   <subfield code="2">ddc</subfield>
   <subfield code="4">0</subfield>
   <subfield code="6">615_100000000000000_D557</subfield>
   <subfield code="7">0</subfield>
   <subfield code="9">6740</subfield>
   <subfield code="a">000001</subfield>
   <subfield code="b">000001</subfield>
   <subfield code="d">2018-04-10</subfield>
   <subfield code="o">615.1 D557</subfield>
   <subfield code="p">MD.11808</subfield>
   <subfield code="r">2018-04-10</subfield>
   <subfield code="v">258000.00</subfield>
   <subfield code="w">2018-04-10</subfield>
   <subfield code="y">BK</subfield>
  </datafield>
  <datafield tag="952" ind1=" " ind2=" ">
   <subfield code="0">0</subfield>
   <subfield code="1">0</subfield>
   <subfield code="2">ddc</subfield>
   <subfield code="4">0</subfield>
   <subfield code="6">615_100000000000000_D557</subfield>
   <subfield code="7">0</subfield>
   <subfield code="9">6741</subfield>
   <subfield code="a">000001</subfield>
   <subfield code="b">000001</subfield>
   <subfield code="d">2018-04-10</subfield>
   <subfield code="o">615.1 D557</subfield>
   <subfield code="p">MD.11809</subfield>
   <subfield code="r">2018-04-10</subfield>
   <subfield code="v">258000.00</subfield>
   <subfield code="w">2018-04-10</subfield>
   <subfield code="y">BK</subfield>
  </datafield>
  <datafield tag="980" ind1=" " ind2=" ">
   <subfield code="a">Thư viện Trường Đại học Nam Cần Thơ</subfield>
  </datafield>
 </record>
</collection>
